Name All of the London Underground Lines - Statistics

General Stats
  • This quiz has been taken 48 times
  • The average score is 14 of 20
Answer Stats
Colour Answer % Correct
. Bakerloo
97%
. Central
95%
. Circle
92%
. Jubilee
89%
. District
86%
. Elizabeth
84%
. Hammersmith & City
84%
. Northern
84%
. Piccadilly
84%
. Metropolitan
81%
. DLR
78%
. Victoria
78%
. Waterloo & City
59%
Lioness
54%
Mildmay
49%
. Tram
49%
Suffragette
46%
Windrush
46%
Liberty
41%
Weaver
35%
No matching quizzes found
Score Distribution
Percent of People with Each Score
Percentile by Number Answered
Your Score History
You have not taken this quiz